LEADER 01175cam2 22002653 450 001 E600200030929 005 20240327082905.0 100 $a20071026d1961 |||||ita|0103 ba 101 $aita 102 $aIT 200 1 $a<<42: >>Successioni per causa di morte$eparte generale$eDelazione e acquisto dell'eredità. Divisione ereditaria$fAntonio Cicu 205 $a2. ed. aggiornata in volume unico 210 $aMilano$cGiuffrè$d1961 215 $aXII, 579 p.$d25 cm 461 1$1001SOBE00030080$12001 $aTrattato di diritto civile e commerciale / già diretto da Antonio Cicu, Francesco Messineo ; continuato da Luigi Mengoni ; [poi] già diretto da Antonio Cicu, Francesco Messineo, Luigi Mengoni ; continuato da Piero Schlesinger 700 1$aCicu$b, Antonio$3AF00008473$4070$0226775 801 0$aIT$bUNISOB$c20240327$gRICA 850 $aUNISOB 852 $aUNISOB$j340|Coll|33|K$m135642 912 $aE600200030929 940 $aM 102 Monografia moderna SBN 941 $aM 957 $a340|Coll|33|K$b000056$gSI$d135642$rdono$1catenacci$2UNISOB$3UNISOB$420071026102234.0$520240327082853.0$6Alfano 996 $aSuccessioni per causa di morte$9580039 997 $aUNISOB